000 00391nam a2200145Ia 4500
008 230917s9999||||xx |||||||||||||| ||und||
040 _e40495
_aMAIN
041 _aEnglish
082 _a810.9 R141C
100 _aRamamurti, K S, ed
245 0 _aCanadian literature and society: national dreamd and regional realities
260 _aDelhi
_bPencraft
_c1996
300 _a248 p.
942 _cBK
999 _c85968
_d85968